000
00208nam a2200085Ia 4500
008
120527s9999 xx 000 0 und d
100
_a
DUGMORE, et al
245
_a
Nelson Mandela A life in Cartoons
942
_c
BK
999
_c
25693
_d
25693